000 00666nam a2200229Ia 4500
003 OSt
005 20220923225957.0
006 a|||||r|||| 00| 0
007 ta
008 Pun
024 _a276,480
037 _cTextual
040 _aARTS
_cARTS
_bPun
041 _2Pun
_aPun
082 _aO153,3xN5, J8
100 _aਤਾਲਿਬ, ਗੁਰਚਰਨ ਸਿੰਘ, ਥਦ.
_9156325
245 0 _aਨਵੀਨ ਕਹਾਣੀ ਸੰਗ੍ਰਹਿ
260 _c1958
650 _aਪੰਜਾਬੀ ਸਾਹਿਤ
942 _hO153,3xN5, J8
_cTEXL
_2CC
999 _c381737
_d381737